| 000 | 00461pab a2200169 454500 | ||
|---|---|---|---|
| 008 | 180718b2008 xxu||||| |||| 00| 0 eng d | ||
| 100 | _aAldrich, Daniel P. | ||
| 245 | _aStrong civil society as a double-edged sword: sitting traillers in Post-Katrina new Orleans | ||
| 260 | _c2008 | ||
| 300 | _ap.379-89. | ||
| 362 | _aSep | ||
| 650 | _aCivil society | ||
| 700 | _aCrook, Kevin | ||
| 773 | _aPolitical Research Quarterly | ||
| 908 | _aN | ||
| 909 | _a79953 | ||
| 999 |
_c79953 _d79953 |
||